[Event "Wijk aan Zee 86/100"]
[Site "?"]
[Date "2003.??.??"]
[Round "?"]
[White "Kramnik, Vladimir"]
[Black "Bareev, E."]
[Result "1-0"]
[WhiteElo "2809"]
[BlackElo "2729"]
[PlyCount "95"]
[EventDate "2003.??.??"]
[Source "Chess Informant"]
[SourceDate "2002.10.01"]

1. e4 c6 2. d4 d5 3. Nc3 dxe4 4. Nxe4 Bf5 5. Ng3 Bg6 6. h4 h6 7. Nf3 Nd7 8. h5 Bh7 9. Bd3 Bxd3 10. Qxd3 Ngf6 11. Bf4 e6 12. O-O-O Be7 13. Ne4 Nxe4 14. Qxe4 Nf6 15. Qd3 Qd5 16. c4 Qe4 17. Qxe4 Nxe4 18. Be3 Nd6 19. b3 Bf6 20. g4 b5 21. Nd2 Kd7 22. Kc2 Bd8 23. Nf3 Bf6 24. Ne5+ Kc7 25. c5 Bxe5 26. dxe5 Nc8 27. Rh3 Ne7 28. Rf3 Rhf8 29. Rd6 a5 30. g5 hxg5 31. Bxg5 Nf5 32. Rd1 a4 33. b4 Kc8 34. Rfd3 Ra7 35. Rd8+ Rxd8 36. Rxd8+ Kb7 37. Kc3 Ka6 38. Kd3 Rc7 39. Ke4 Kb7 40. Rd1 Kc8 41. Rd8+ Kb7 42. Kf4 Rc8 43. Rd7+ Rc7 44. Rd1 Kc8 45. Rd8+ Kb7 46. Bf6 g6 47. hxg6 fxg6 48. Kg5 1-0

[Event "FIDE GP"]
[Site "Dubai"]
[Date "2002.04.07"]
[Round "4.3"]
[White "Shirov, Alexei"]
[Black "Grischuk, Alexander"]
[Result "1/2-1/2"]
[WhiteElo "2715"]
[BlackElo "2671"]
[PlyCount "106"]
[EventDate "2002.04.03"]
[Source "ChessBase"]
[SourceDate "2002.08.12"]

1. e4 c6 2. d4 d5 3. Nc3 dxe4 4. Nxe4 Bf5 5. Ng3 Bg6 6. Nf3 Nd7 7. h4 h6 8. h5 Bh7 9. Bd3 Bxd3 10. Qxd3 e6 11. Bf4 Ngf6 12. O-O-O Nd5 13. Bd2 Nb4 14. Qb3 a5 15. Ne4 a4 16. Qxb4 Bxb4 17. Bxb4 Qb6 18. a3 Qa6 19. Rh3 b6 20. Rg3 Rh7 21. Ne5 Nxe5 22. dxe5 c5 23. Bc3 Rd8 24. Nf6+ Ke7 25. Nxh7 Rxd1+ 26. Kxd1 Qa8 27. Nf6 gxf6 28. exf6+ Kf8 29. Be5 Qc6 30. Rd3 Kg8 31. f3 Qc8 32. c4 Kh7 33. g4 Qb7 34. Kc2 b5 35. b3 Qa6 36. Rd7 axb3+ 37. Kb2 Kg8 38. Rd8+ Kh7 39. Rd7 b4 40. Rxf7+ Kg8 41. Rg7+ Kh8 42. Kxb3 Qxa3+ 43. Kc2 Qa2+ 44. Kd3 Qb1+ 45. Kd2 Qa2+ 46. Ke3 Qa3+ 47. Kf2 Qa2+ 48. Ke3 Qa3+ 49. Ke4 Qa2 50. f7 Qe2+ 51. Kf4 Qh2+ 52. Ke4 Qe2+ 53. Kf4 Qh2+ 1/2-1/2

[Event "Russie (championnat equipes)"]
[Site "?"]
[Date "2004.04.??"]
[Round "3"]
[White "Motylev Alexander"]
[Black "Dreev Alexey"]
[Result "1/2-1/2"]
[WhiteElo "2640"]
[BlackElo "2682"]
[PlyCount "85"]
[EventDate "2004.??.??"]
[Source "www.chesslib.no"]
[SourceDate "2004.05.04"]

1. e4 c6 2. d4 d5 3. Nc3 dxe4 4. Nxe4 Bf5 5. Ng3 Bg6 6. h4 h6 7. Nf3 Nd7 8. h5 Bh7 9. Bd3 Bxd3 10. Qxd3 e6 11. Bf4 Ngf6 12. O-O-O Be7 13. Kb1 O-O 14. Ne4 Nxe4 15. Qxe4 Nf6 16. Qe2 Qd5 17. Ne5 Qe4 18. Qxe4 Nxe4 19. Rhe1 Nf6 20. g4 Rfd8 21. f3 a5 22. c4 Nd7 23. a4 Bb4 24. Rh1 Bd6 25. b3 Nxe5 26. dxe5 Bc7 27. Kc2 c5 28. Be3 b6 29. f4 Rxd1 30. Rxd1 Rd8 31. Rxd8+ Bxd8 32. Kd3 Kh7 33. Ke4 Be7 34. f5 Bg5 35. Bf2 Be7 36. Be1 Kg8 37. Bg3 Bg5 38. f6 g6 39. hxg6 fxg6 40. Be1 Kf7 41. Bc3 Bc1 42. Kf3 g5 43. Ke4 1/2-1/2

[Event "Kats (0"]
[Site "Waddinxveen Kats (0"]
[Date "1979.??.??"]
[Round "2"]
[White "Hort, Vlastimil"]
[Black "Karpov, Anatoly"]
[Result "1/2-1/2"]
[WhiteElo "2600"]
[BlackElo "2705"]
[PlyCount "23"]
[EventDate "1979.??.??"]
[Source "www.chesslib.no"]
[SourceDate "2004.05.04"]

1. e4 c6 2. d4 d5 3. Nc3 dxe4 4. Nxe4 Bf5 5. Ng3 Bg6 6. h4 h6 7. Nf3 Nd7 8. h5 Bh7 9. Bd3 Bxd3 10. Qxd3 e6 11. Bf4 a5 12. Bd2 1/2-1/2

[Event "tt"]
[Site "Soviet Union tt"]
[Date "1980.??.??"]
[Round "?"]
[White "Tal, Mikhail N"]
[Black "Kasparov, Gary"]
[Result "0-1"]
[WhiteElo "2705"]
[BlackElo "2595"]
[PlyCount "80"]
[EventDate "1980.??.??"]
[Source "www.chesslib.no"]
[SourceDate "2004.05.04"]

1. e4 c6 2. Nc3 d5 3. d4 dxe4 4. Nxe4 Bf5 5. Ng3 Bg6 6. h4 h6 7. Nf3 Nd7 8. h5 Bh7 9. Bd3 Bxd3 10. Qxd3 Qc7 11. Bd2 Ngf6 12. Qe2 e6 13. Ne5 c5 14. Nxd7 Qxd7 15. dxc5 Bxc5 16. O-O-O Qa4 17. Bc3 Rc8 18. Bxf6 gxf6 19. Kb1 Be7 20. Rd3 Rg8 21. Rhd1 f5 22. Nxf5 exf5 23. Re1 Qh4 24. Re3 Rc7 25. Qb5+ Kf8 26. Qe5 f4 27. Re4 Rc5 28. Qxe7+ Qxe7 29. Rxe7 Rxg2 30. Rxb7 Rxf2 31. a4 f3 32. Re4 Rf5 33. Rb5 Rxb5 34. axb5 Re2 35. Rf4 f2 36. Ka2 Rxc2 37. Kb3 Re2 38. Kc3 Ke7 39. b4 Ke6 40. Kd3 Rb2 0-1

[Event "Poikovsky 85/95"]
[Site "?"]
[Date "2002.??.??"]
[Round "?"]
[White "Vescovi, G."]
[Black "Dreev, A."]
[Result "1-0"]
[WhiteElo "2611"]
[BlackElo "2677"]
[PlyCount "175"]
[EventDate "2002.??.??"]
[Source "Chess Informant"]
[SourceDate "2002.06.01"]

1. e4 c6 2. d4 d5 3. Nc3 dxe4 4. Nxe4 Bf5 5. Ng3 Bg6 6. h4 h6 7. Nf3 Nd7 8. h5 Bh7 9. Bd3 Bxd3 10. Qxd3 e6 11. Bf4 Ngf6 12. O-O-O Nd5 13. Bd2 Nb4 14. Qb3 a5 15. a3 a4 16. Qe3 Nd5 17. Qe2 b5 18. Nf5 Qb6 19. c3 O-O-O 20. Ne3 Kb7 21. Kb1 Qa6 22. Rc1 Bd6 23. c4 Nxe3 24. fxe3 bxc4 25. Qxc4 Qb5 26. e4 Rc8 27. Qc3 Nf6 28. Rhe1 Bg3 29. Re3 Rhd8 30. Qc2 Bf2 31. Rc3 Bxd4 32. Rc4 Bb6 33. Rb4 Qd3 34. Ne5 Qxc2+ 35. Kxc2 c5 36. Rxa4 Bc7 37. Nd3 Bb6 38. Ne5 Bc7 39. Nd3 Bb6 40. Rf1 Rc7 41. Ne5 c4 42. Rxc4 Nxe4 43. Bb4 f5 44. Rxc7+ Bxc7 45. Nd3 Kb6 46. Bc3 Kb5 47. b3 Rc8 48. a4+ Ka6 49. Kb2 Bd6 50. Rc1 Rd8 51. Bb4 Bg3 52. Nc5+ Nxc5 53. Rxc5 Kb7 54. Bc3 Bd6 55. Rc4 g6 56. hxg6 Rg8 57. g7 e5 58. Bb4 Bxb4 59. Rxb4+ Kc6 60. Rb5 Rxg7 61. Rxe5 Rxg2+ 62. Kc3 f4 63. Rh5 f3 64. Rxh6+ Kd5 65. Rf6 f2 66. a5 Ke4 67. a6 Rg3+ 68. Kb4 Rf3 69. Rxf3 Kxf3 70. a7 f1=Q 71. a8=Q+ Ke3 72. Qa7+ Ke4 73. Qe7+ Kd3 74. Qc5 Qe1+ 75. Ka4 Qa1+ 76. Kb5 Qa8 77. Qc4+ Kd2 78. b4 Qb7+ 79. Ka4 Qa7+ 80. Kb5 Qb7+ 81. Ka5 Qa7+ 82. Qa6 Qc7+ 83. Qb6 Qe5+ 84. Qc5 Qa1+ 85. Kb6 Qf6+ 86. Kc7 Qg7+ 87. Kc6 Ke1 88. b5 1-0

[Event "Bermuda"]
[Site "Bermuda"]
[Date "2004.01.19"]
[Round "5"]
[White "Vescovi, Giovanni P"]
[Black "Iordachescu, Viorel"]
[Result "1/2-1/2"]
[WhiteElo "2633"]
[BlackElo "2634"]
[PlyCount "63"]
[EventDate "2004.01.15"]
[Source "ChessBase"]
[SourceDate "2004.03.30"]

1. e4 c6 2. d4 d5 3. Nc3 dxe4 4. Nxe4 Bf5 5. Ng3 Bg6 6. h4 h6 7. Nf3 Nd7 8. h5 Bh7 9. Bd3 Bxd3 10. Qxd3 e6 11. Bf4 Qa5+ 12. Bd2 Qc7 13. O-O-O O-O-O 14. Ne4 Ngf6 15. g3 Nxe4 16. Qxe4 Bd6 17. c4 c5 18. Bc3 cxd4 19. Nxd4 a6 20. Nf3 Nf6 21. Qe2 Qc5 22. Ne5 Bxe5 23. Bxe5 Rxd1+ 24. Rxd1 Rd8 25. Rxd8+ Kxd8 26. Bxf6+ gxf6 27. Kc2 Ke7 28. Kc3 Qa5+ 29. Kb3 Qb6+ 30. Kc3 Qa5+ 31. Kb3 Qb6+ 32. Kc3 1/2-1/2